Eficacia temporal de la prioridad aplicativa de los convenios de empresa y ultraactividad (Registro nro. 49922)
[ vista simple ]
| 000 -CABECERA | |
|---|---|
| Longitud fija campo de control | 01142naa a2200277 c 4500 |
| 001 - NÚMERO DE CONTROL | |
| Número de control | 49922 |
| 003 - IDENTIFICADOR DE NÚMERO DE CONTROL | |
| Identificador del número de control | ES-MaCES |
| 005 - FECHA Y HORA DE LA ÚLTIMA TRANSACCIÓN | |
| Fecha y hora de la última transacción | 20170921133727.0 |
| 008 - CAMPO FIJO DE DESCRIPCIÓN FIJA--INFORMACIÓN GENERAL | |
| Códigos de información de longitud fija | 170921s2017 sp ||||| t||||||| ||spa d |
| 040 ## - FUENTE DE CATALOGACIÓN | |
| Centro catalogador de origen | ES-MaCES |
| Lengua de catalogación | spa |
| Centro transcriptor | ES-MaCES |
| Centro modificado | ES-MaCES |
| 100 1# - ENCABEZAMIENTO PRINCIPAL--NOMBRE PERSONAL | |
| 9 (RLIN) | 9200 |
| Nombre de persona | Casas Baamonde, María Emilia |
| 245 10 - MENCIÓN DE TÍTULO | |
| Título | Eficacia temporal de la prioridad aplicativa de los convenios de empresa y ultraactividad |
| Mención de responsabilidad, etc. | María Emilia Casas Baamonde |
| 650 #4 - ASIENTO SECUNDARIO DE MATERIA--TÉRMINO DE MATERIA | |
| 9 (RLIN) | 28362 |
| Término de materia o nombre geográfico como elemento inicial | negociación colectiva |
| 650 #4 - ASIENTO SECUNDARIO DE MATERIA--TÉRMINO DE MATERIA | |
| 9 (RLIN) | 28361 |
| Término de materia o nombre geográfico como elemento inicial | convenio colectivo |
| 650 #4 - ASIENTO SECUNDARIO DE MATERIA--TÉRMINO DE MATERIA | |
| 9 (RLIN) | 30041 |
| Término de materia o nombre geográfico como elemento inicial | extensión del convenio colectivo |
| 650 #4 - ASIENTO SECUNDARIO DE MATERIA--TÉRMINO DE MATERIA | |
| 9 (RLIN) | 27142 |
| Término de materia o nombre geográfico como elemento inicial | empresa multinacional |
| 650 #4 - ASIENTO SECUNDARIO DE MATERIA--TÉRMINO DE MATERIA | |
| 9 (RLIN) | 29924 |
| Término de materia o nombre geográfico como elemento inicial | derechos de los trabajadores |
| 650 #4 - ASIENTO SECUNDARIO DE MATERIA--TÉRMINO DE MATERIA | |
| 9 (RLIN) | 28327 |
| Término de materia o nombre geográfico como elemento inicial | condiciones de trabajo |
| 650 #4 - ASIENTO SECUNDARIO DE MATERIA--TÉRMINO DE MATERIA | |
| 9 (RLIN) | 30174 |
| Término de materia o nombre geográfico como elemento inicial | flexibilidad del trabajo |
| 650 #4 - ASIENTO SECUNDARIO DE MATERIA--TÉRMINO DE MATERIA | |
| 9 (RLIN) | 27165 |
| Término de materia o nombre geográfico como elemento inicial | derecho del trabajo |
| 650 #4 - ASIENTO SECUNDARIO DE MATERIA--TÉRMINO DE MATERIA | |
| 9 (RLIN) | 27166 |
| Término de materia o nombre geográfico como elemento inicial | legislación del trabajo |
| 653 10 - TÉRMINO DE INDEXACIÓN--NO CONTROLADO | |
| Término no controlado | Relaciones laborales-Empleo |
| 773 0# - ENTRADA DE DOCUMENTO FUENTE | |
| Itemnumber del ítem fuente | 86255 |
| Lugar, editor y fecha de publicación | Madrid Lefebvre El Derecho 2015- |
| Otro identificador del documento | 089152 |
| Título | Derecho de las relaciones laborales |
| Número de control del registro relacionado | (ES-MaCES)46200 |
| Parte(s) relacionada(s) | n. 5 (mayo 2017) {55/1131 R. 089152} ;p. 377-391 |
| 902 ## - CES. TIPO DE DOCUMENTO | |
| Tipodoc (006$c Sirtex) | ART Artículo de revista |
| 942 ## - ELEMENTOS KOHA | |
| Fuente de clasificaión o esquema | Clasificación propia del CES |
| Koha [por defecto] tipo de item | Artículos (1982-2017) |
| Parte de clasificación | Relaciones Laborales y Rel. Lab.- Empleo |
No hay ítems disponibles.
